000
00241 a2200109 4500
001
63431
082
_a
823 ARC
090
_c
37489
_d
37489
100
_a
Archer, J
245
_a
Shall we Tell the President?
_h
English
260
_b
Coronet Books
942
_a
CAE NUST
_k
823 ARC
999
_c
298504
_d
298504